000 01105naa a22002657a 4500
001 BR7906555
003 BR-BrBNA
005 20240918174447.0
007 ta
008 230509b bl.||||| |||| 00| 0 por d
040 _aBR-BrBNA
_bpor
_cBiblioteca Nacional de Agricultura
041 _a(Pt)
072 _aL50
_b7100
090 _aL50 BR7906555
100 1 _aPaulino, Z.L.
100 1 _aEngels, W.
111 1 _aSimposio Internacional da Apimondia sobre Apicultura em Clima Quente
_cFlorianopolis, SC (Brazil)
_d19 Oct 1978
245 1 _aComparacao do padrao proteico da hemolinfa de rainhas, operarias e zangoes de Apis mellifera [Abelha]
260 3 _aBucareste (Romania):
_bApimondia,
_c1979.
500 _aHarnaj, V.; Wiese, H. (eds.) Apicultura em clima quente. Simposio internacional Bucareste (Romania): Apimondia, 1979. p. 136-137 (BR7906555-AM)L50
650 _aABELHA
773 0 _tApicultura em clima quente. Simposio internacional
_aHarnaj, V.; Wiese, H. (eds.)
_wL50 BR7906555
_gBucareste (Romania), 1979. p. 136-137
909 _a202404
_bLucia
_c55
_dLucia Elande
942 _cAM
_2AGRIS
999 _c311410
_d311410